• 首页
  • 本馆介绍
  • 公告通知
  • 最新文献
  • 馆藏检索
  • 电子资源
  • 读者导购
  • 参考咨询
  • 我的图书馆
  • 登录
  • 详细信息显示
  • 放入我的书架
  • 预约/预借图书
  • 作者相关作品
  • 分类相关作品
  • 丛书相关作品
  • 出版社相关作品

书目信息

  • 表格格式
  • 工作单格式
  • 卡片格式
题名:
实证研究指南
    
 
作者: 深圳市国泰安信息技术有限公司 编
分册:  
出版信息: 北京   经济管理出版社  2014
页数: 244页
开本: 26cm
丛书名:
单 册:
中图分类: G312-62
科图分类:
主题词: 研究方法--Yan Jiu Fang Fa--指南
电子资源:
ISBN: 978-7-5096-3157-7
000 00687nam0 22002171 450
001 351170
005 20161012081650.67
010    @a978-7-5096-3157-7@dCNY46.00
100    @a20160321d2015 ekmy0chiy50 ea
101 0  @achi
102    @aCN@b110000
105    @ay z 000yy
106    @ar
200 1  @a实证研究指南@AShi Zheng Yan Jiu Zhi Nan@f深圳市国泰安信息技术有限公司编
210    @a北京@c经济管理出版社@d2014
215    @a244页@d26cm
606 0  @a研究方法@AYan Jiu Fang Fa@x指南
690    @aG312-62@v5
701  0 @a深圳市国泰安信息技术有限公司@AShen Zhen Shi Guo Tai An Xin Xi Ji Shu You Xian Gong Si@4编
801  0 @aCN@bTANGWEI@c20160812
905    @b0893471-5@dG312-62@e27@f5
    
    实证研究指南/深圳市国泰安信息技术有限公司编.-北京:经济管理出版社,2014
    244页;26cm
    
    
    ISBN 978-7-5096-3157-7:CNY46.00
    
●
相关链接 在E读中查询图书 在五车中查询图书 在当当中查询图书 在豆瓣中查询图书


正题名:实证研究指南     索取号:G312-62/27         预约/预借

序号 登录号 条形码 馆藏地/架位号 状态 备注
1 0893471   208934714   第一样本阅览室/ [索取号:G312-62/27] 在馆    
2 0893472   208934723   第四借阅区/ [索取号:G312-62/27] 在馆    
3 0893473   208934732   第四借阅区/ [索取号:G312-62/27] 在馆    
4 0893474   208934741   第四借阅区/ [索取号:G312-62/27] 在馆    
5 0893475   208934750   第四借阅区/ [索取号:G312-62/27] 在馆    
唐山师范学院图书馆 欢迎您!
大连网信软件有限公司© 版权所有